000 00765nam a2200217Ii 4500
003 JO-AjNU
008 230605s9999||||xx |||||||||||||| ||und||
017 _a2008/10/3493
040 _aJO-AjNU
_bara
_erda
_cJO-AjNU
041 _aara
050 1 4 _aLB3013.A286 2009
100 3 _aأبو نمرة،محمد خميس حسين مؤلف/قطيشات،نازك عبد الحليم م.مشارك,
_eauthor
_921700
245 0 0 _aأساسيات إدارة الصفوف وتنظيمها
250 _aط1
264 3 1 _aعمان:المؤلف،2008
300 _a417ص
336 _atext
_btxt
_2rdacontent
337 _aunmediated
_bn
_2rdamedia
338 _avolume
_bnc
_2rdacarrier
650 4 _aطرق التعلم-الإدارة التربوية-إدارة
_921701
999 _aA7583
_c11151
_d11151